00000000nam##2200000za#4500
0019.604427
003CaOODSP
00520210624211607
007cr |||||||||||
008150406|2006||||xxc|||||o    f|0| 0 fre|d
040 |aCaOODSP|bfre
043 |an-cn---
0861 |aT41-1/42F-PDF
1101 |aCanada. |bTransports Canada.
24510|aLes liens entre la santé publique et le transport durable et actif |h[ressource électronique]
260 |aOttawa - Ontario : |bTransports Canada |cDécembre 2006.
300 |a8p.|bgraphiques, références, tableaux
4901 |aÉtudes de cas sur les transports durables |v[Étude de cas nº 42]
590 |a12-35-Supp|b2012-08-09
77508|tThe links between public health and sustainable and active transportation |w(CaOODSP)9.574692
830#0|aÉtudes de cas sur les transports durables ;|v[Étude de cas nº 42]|w(CaOODSP)9.503247
85640|ahttp://publications.gc.ca|qPDF|s394 Ko|uhttps://publications.gc.ca/collections/collection_2012/tc/T41-1-42-fra.pdf|y[Étude de cas nº 42]